| 000 | 00427cam a2200181ua 4500 | ||
|---|---|---|---|
| 020 | _c5.00 | ||
| 041 |
_ahin _h |
||
| 082 |
_a891.54 _bKAN/DA |
||
| 100 | _aKantilal, Shah . | ||
| 245 |
_aDakkar Bapa / _cKantilal Shah. _hTextual Documents |
||
| 250 |
_a1 / _b. |
||
| 260 |
_aDelhi : _bDakkar Bapa Smarak Samiti , _c1955. |
||
| 300 | _a455 ; . | ||
| 365 | _a5.00 | ||
| 504 | _a | ||
| 942 | _cBK | ||
| 999 |
_c8197 _d8197 |
||